[Event "IECG TG.2004.0.15080"]
[Site "IECG email"]
[Date "2004.02.26"]
[Round "1"]
[White "Todd, Neil"]
[Black "Matevossian, Arsen"]
[Result "1-0"]
[WhiteElo "1640"]
[BlackElo "1600"]
[PlyCount "41"]
[EventDate "2004.02.26"]
[EventType "match (corr)"]
[EventRounds "2"]
[SourceTitle "Corr 2008"]
[Source "ChessBase"]
[SourceDate "2008.06.24"]
[SourceVersion "1"]
[SourceVersionDate "2008.06.24"]
[SourceQuality "1"]

1. c4 Nf6 2. g3 g6 3. Bg2 Bg7 4. Nc3 0-0 5. e4 d6 6. Nge2 e5 7. 0-0 Nc6 8. d3 Ne7 9. f4 Be6 10. h3 Nd7 11. Be3 f5 12. Qd2 fxe4 13. Nxe4 Bf7 14. Ng5 Nf5 15. Nxf7 Rxf7 16. fxe5 Nxe5 17. Bg5 Bf6 18. Bxf6 Rxf6 19. Bxb7 Rb8 20. Bd5+ Kg7 21. g4 1-0